Psychology and crime: an introduction to criminological psychology (Record no. 55218)

MARC details
000 -LEADER
fixed length control field 00573nam a2200157 a 4500
008 - FIXED-LENGTH DATA ELEMENTS--GENERAL INFORMATION
fixed length control field 120416s1989 ||||||||||||||||| || u
020 ## - INTERNATIONAL STANDARD BOOK NUMBER
International Standard Book Number 0415018072
050 ## - LIBRARY OF CONGRESS CALL NUMBER
Classification number HV 6080 Hol
100 ## - MAIN ENTRY--PERSONAL NAME
Personal name Hollin, Clive R
245 10 - TITLE STATEMENT
Title Psychology and crime: an introduction to criminological psychology
260 ## - PUBLICATION, DISTRIBUTION, ETC.
Place of publication, distribution, etc. London:
Name of publisher, distributor, etc. Routledge
Date of publication, distribution, etc. 1989
300 ## - PHYSICAL DESCRIPTION
Extent 277p. : ill.
350 ## - PRICE (NR) (BK AM CF MU VM SE) [OBSOLETE]
Price 0.00
650 #7 - SUBJECT ADDED ENTRY--TOPICAL TERM
Topical term or geographic name entry element CRIMINAL PSYCHOLOGY
Source of heading or term fast
995 ## - RECOMMENDATION 995 [LOCAL, UNIMARC FRANCE]
-- 0.00
-- CBU-MAIN LIBRARY (Kitwe)
-- 1
-- 19.90
-- 1
-- AVAILABLE
-- Annex Low-Usage Collection
Holdings
Withdrawn status Lost status Source of classification or shelving scheme Damaged status Not for loan Home library Current library Shelving location Date acquired Total Checkouts Full call number Barcode Date last seen Price effective from Koha item type
          CBU-MAIN LIBRARY, KITWE. CBU-MAIN LIBRARY, KITWE.   11/30/2022   HV 6080 Hol 38942 11/30/2022 11/30/2022 MONOGRAPH